Estaciones de tren del Gran Buenos Aires - Statistics

General Stats
  • This quiz has been taken 209 times
    173 since last reset
  • The average score is 112 of 199
Answer Stats
Línea Estación % Correct
Belgrano Norte | Mitre | San Martín Retiro
99%
Roca Plaza Constitución
96%
Sarmiento Once / Plaza Miserere
93%
Mitre Tigre
93%
Roca Lanús
92%
Roca La Plata
90%
Mitre Belgrano C
89%
Mitre Belgrano R
89%
Roca Dario Santillán y Maximiliano Kosteki
89%
Sarmiento Morón
89%
Sarmiento Moreno
88%
Roca Quilmes
88%
Sarmiento Haedo
87%
Roca Lomas de Zamora
87%
San Martín Palermo
87%
Sarmiento Liniers
86%
Sarmiento Caballito
84%
Mitre San Martín
84%
Sarmiento Flores
83%
Sarmiento Floresta
83%
Sarmiento Merlo
83%
Sarmiento Ramos Mejía
83%
Roca Temperley
83%
Roca Berazategui
82%
Roca Ezeiza
82%
Mitre Vicente López
82%
Urquiza Antonio Devoto
80%
San Martín Devoto
80%
Sarmiento Ituzaingó
80%
Sarmiento Castelar
78%
Mitre Olivos
78%
Mitre San Fernando
78%
Mitre / de la Costa San Fernando R
78%
Roca Banfield
77%
Mitre Núñez
77%
Mitre San Isidro
77%
Mitre / de la Costa San Isidro R
77%
Sarmiento Villa Luro
77%
Sarmiento Ciudadela
76%
Mitre Colegiales
76%
Mitre Gral. Urquiza
76%
Roca Sarandí
76%
Mitre Victoria
76%
Roca Wilde
76%
Mitre Bartolomé Mitre
75%
Roca Bernal
75%
San Martín Caseros
75%
San Martín Hurlingham
75%
Mitre Martínez
75%
Mitre 3 de Febrero
73%
Mitre Acassuso
73%
Roca City Bell
73%
Mitre Juan B. Justo
73%
Sarmiento Paso del Rey
73%
Roca Villa Dominico
73%
Mitre Coghlan
72%
Mitre José León Suárez
72%
Roca Remedios de Escalada
72%
Sarmiento San Antonio de Padua
72%
San Martín San Miguel
72%
Belgrano Norte Tortuguitas
72%
Belgrano Norte Munro
71%
Roca Hipólito Yrigoyen
70%
Mitre Rivadavia
70%
Belgrano Sur Sáenz
70%
San Martín Villa Crespo
70%
Roca Glew
69%
San Martín José C. Paz
69%
Roca Burzaco
67%
Belgrano Norte Carapachay
67%
San Martín Pilar
67%
Mitre Virreyes
67%
Roca Florencio Varela
66%
Mitre Ministro Carranza
66%
Mitre Pueyrredón
66%
Mitre Saavedra
66%
Mitre Béccar
65%
Mitre / de la Costa Delta
65%
Urquiza Federico Lacroze
65%
San Martín La Paternal
65%
Belgrano Norte Villa Adelina
65%
Roca Tolosa
63%
San Martín Villa del Parque
63%
Belgrano Norte | Mitre Florida
61%
Roca Gerli
61%
Roca Hudson
61%
Mitre Villa Ballester
61%
Roca Adrogué
60%
Roca Ezpeleta
60%
Roca Turdera
60%
Roca Gonnet
59%
Belgrano Norte Grand Bourg
59%
Belgrano Norte Ing. Pablo Nogués
58%
Mitre Lisandro de la Torre
58%
Belgrano Norte Los Polvorines
58%
Roca Monte Grande
58%
Roca Rafael Calzada
58%
Belgrano Sur Lugano
57%
San Martín Sáenz Peña
57%
San Martín Santos Lugares
57%
Roca Villa Elisa
57%
San Martín W. C. Morris
57%
Mitre / de la Costa Borges
55%
San Martín Muñiz
55%
Urquiza Campo de Mayo
54%
Belgrano Sur Laferrere
54%
Belgrano Norte Del Viso
53%
Belgrano Norte Boulogne Sur Mer
52%
San Martín El Palomar
52%
Roca Guernica
52%
Belgrano Norte Saldías
52%
San Martín Sol y Verde
52%
Belgrano Sur González Catán
51%
San Martín Presidente Derqui
51%
Roca Alejandro Korn
49%
Belgrano Norte Aristóbulo del Valle
49%
Belgrano Sur Villa Madero
49%
Belgrano Sur Villa Soldati
49%
Belgrano Norte Ciudad Universitaria
48%
Urquiza Ejército de los Andes
48%
Roca Llavallol
48%
Roca Longchamps
48%
Mitre San Andrés
48%
San Martín Bella Vista
47%
Belgrano Sur Libertad
47%
Mitre Miguelete
47%
Roca Pereyra
47%
Belgrano Norte Villa Rosa
47%
Roca Claypole
46%
Mitre / de la Costa Las Barrancas
46%
Roca Luis Guillón
46%
Roca Bosques
45%
Mitre La Lucila
45%
Belgrano Sur Rafael Castillo
43%
Belgrano Sur Tapiales
43%
Belgrano Norte Villa de Mayo
43%
Urquiza El Libertador
42%
Belgrano Sur Isidro Casanova
42%
Urquiza Sargento Cabral
42%
Urquiza Coronel F. Lynch
41%
Mitre / de la Costa Maipú
41%
Belgrano Norte Vicealmirante Montes
41%
Mitre Chilavert
40%
Mitre / de la Costa Libertador
40%
Urquiza Rubén Darío
40%
Belgrano Sur Aldo Bonzi
39%
Mitre Carupá
39%
Roca El Jagüel
39%
Belgrano Sur Eva Duarte
39%
Urquiza Pablo Podestá
39%
Belgrano Norte Don Torcuato
37%
Roca Plátanos
37%
Roca Villa España
37%
Mitre L. M. Drago
36%
Mitre Malaver
36%
Belgrano Norte M. M. Padilla
36%
San Martín Villa Astolfi
36%
Belgrano Sur Independencia
35%
Mitre / de la Costa Punta Chica
35%
Roca Don Bosco
34%
Urquiza Martín Coronado
34%
Mitre Dr. Cetrángolo
33%
Roca Ringuelet
33%
Urquiza General Lemos
31%
Belgrano Norte Manuel Alberdi
31%
Roca Ranelagh
31%
Belgrano Norte Tierras Altas
31%
Belgrano Norte A. Sourdeaux
30%
Urquiza José Artigas
30%
Urquiza José M. Bosch
30%
Mitre / de la Costa Marina Nueva
30%
Mitre / de la Costa Anchorena
29%
Mitre / de la Costa Canal San Fernando
29%
Roca José Mármol
29%
Roca Ardigó
28%
Urquiza Jorge Newbery
28%
Belgrano Sur Presidente Illia
28%
Urquiza Doctor F. Beiró
27%
Urquiza Fernández Moreno
27%
Urquiza Pedro N. Arata
23%
Urquiza Tropezón
23%
Urquiza Sargento Barrufaldi
22%
Belgrano Sur José Ingenieros
19%
Urquiza Juan B. de la Salle
18%
Urquiza Lourdes
18%
Roca Sourigues
18%
Urquiza Teniente Agneta
18%
Belgrano Sur Querandí
17%
Roca Zeballos
17%
Belgrano Sur Marinos del Crucero General Belgrano
16%
Urquiza Capitán Lozano
14%
Belgrano Sur Merlo Gómez
13%
Belgrano Sur Marinos del Fournier
11%
Belgrano Sur J. Villegas
7%
Belgrano Sur Ingeniero Castello
5%
Belgrano Sur María S. de Mendeville
4%
No matching quizzes found
Score Distribution
Percent of People with Each Score
Percentile by Number Answered
Your Score History
You have not taken this quiz since the last reset